000 00390nam a22001451a 4500
020 _a9788120719149
082 _a080.95 4
_bSAL/G
100 _aSaletore R N
245 _aThe golden treasury of Indian quotations ( ancient & medieval)/
_cby Saletore R N
260 _aNew Delhi:
_bSterling,
_c1999.
300 _a454p.
650 _aQuotations India
650 _aQuotations
942 _cREF
999 _c16255
_d16255